Представление документа в формате MARC21

Поле Инд. ПП Название Значение
Тип записи a
Библиографический уровень m
001 Контрольный номер RU/LIBMSTU/414080306
005 Дата корректировки 20160406092832.2
008 Кодируемые данные 130226|||||||||ru |||||||||||000|||rus||
020 a ISBN 978-5-459-01185-2
040 b Код языка каталог. rus
041 0_ a Код языка текста rus
084 a Индекс другой классификации/Индекс ББК 63.3(2)52+63.3(2)4
090 a Полочн. индекс 63.3(2)5
x Авторский знак М 47
100 1_ a Автор Мелентьев В. Д.
245 10 a Заглавие Фельдмаршалы Победы
b Продолж. заглавия Кутузов и Барклай де Толли
260 a Место издания Санкт-Петербург [и др.]
b Издательство Питер
c Дата издания 2012
300 a Объем 362, [17] c.
b Иллюстрации/ тип воспроизводства [7] л. цв. ил. : ил.
504 a Библиография Библиогр.: с. 357-363
600 14 a Персоналии Барклай-де-Толли М. Б., русский полководец, военный министр
600 34 a Персоналии Кутузов М. И., российский офицер
650 04 a Основная рубрика Отечественная война 1812 г.
650 14 a Основная рубрика Россия-История, 19 в.
653 0_ a Ключевые слова Бородинская битва; Военно-политические деятели; Заграничные походы русской армии 1813-1814 гг.; История России 19 в.; Отечественная война 1812 г.
901 t Тип документа m